| 000 | 00751nas a2200241 4500 | ||
|---|---|---|---|
| 001 | BR9211559 | ||
| 003 | BR-BrBNA | ||
| 005 | 20231205093507.0 | ||
| 007 | ta | ||
| 008 | 230509b bl.|||p| |||| 00| 00por d | ||
| 040 |
_aBR-BrBNA _bpor _cBiblioteca Nacional de Agricultura |
||
| 041 | _a(Pt) | ||
| 072 | _aQ02 | ||
| 100 | 1 | _aLoncan, P. | |
| 245 | 1 | _aProgressos no estudo da formacao de gelo nos evaporadores e na concepcao dos ciclos de descongelamento | |
| 650 | _aPRESERVACAO DE ALIMENTO | ||
| 650 | _aREFRIGERACAO | ||
| 650 | _aDESCONGELAMENTO | ||
| 650 | _aPROCESSAMENTO | ||
| 773 | 0 |
_tRevista Nacional da Carne (Brazil) _x _g(Jul 1992), v. 16(184) p. 60-65 _wBR9211559 |
|
| 909 |
_a202311 _bLúcia _c55 _dLúcia Elande |
||
| 942 |
_2AGRIS _n0 _cANA |
||
| 999 |
_c138768 _d138768 |
||